Quality assurance in an international higher education area : a case study approach and comparative analysis /

Suitable for academics and policy makers in the field of higher education, this title highlights the leading trend towards quality assurance within an international higher education area and provides recommendations to establish a functioning quality assurance system within the observed higher educa...

Full description

Bibliographic Details
Main Author: Bernhard, Andrea
Other Authors: Pechar, Hans
Format: Thesis Book
Language:English
Published: Wiesbaden : VS Verlag für Sozialwissenschaften, c2012.
Edition:First edition.
Series:VS Research
Subjects:
Classic Catalogue: View this record in Classic Catalogue
LEADER 01814nam a2200385Ka 4500
001 33662
003 BD-DhAAL
005 20251021095603.0
008 180814t2012 gw a mb 000 0 eng d
020 |a 9783531942988 (electronic bk.) 
020 |a 3531942980 (electronic bk.) 
020 |z 9783531185668 
035 |a (OCoLC)761314223 
040 |a GW5XE  |c GW5XE  |d BD-DhAAL 
049 |a MYGG 
050 4 |a LB2331.62  |b .B47 2012 
082 0 4 |a 379.158  |2 23 
100 1 |a Bernhard, Andrea.  |9 27892 
245 1 0 |a Quality assurance in an international higher education area :  |b a case study approach and comparative analysis /  |c Andrea Bernhard ; with a foreword by Hans Pechar. 
250 |a First edition. 
260 |a Wiesbaden :  |b VS Verlag für Sozialwissenschaften,  |c c2012. 
300 |a 294 pages :  |b illustrations ;  |c 21 cm. 
490 |a VS Research 
502 |a Diss.-- University of Klagenfurt, 2011. 
504 |a Includes bibliographical references (pages [261]-285). 
520 |a Suitable for academics and policy makers in the field of higher education, this title highlights the leading trend towards quality assurance within an international higher education area and provides recommendations to establish a functioning quality assurance system within the observed higher education systems and beyond their borders.  
526 |a IQAC 
541 |a Trim Education  |e 33662 
650 0 |a Education, Higher  |x Evaluation.  |9 27894 
650 0 |a Higher education and state.  |9 27895 
700 |a Pechar, Hans.  |9 27897 
852 |a Ayesha Abed Library  |c General Stacks 
942 |2 ddc  |c BK 
999 |c 39360  |d 39360 
952 |0 0  |1 0  |2 ddc  |4 0  |6 379_158000000000000_BER  |7 0  |9 64210  |a BRACUL  |b BRACUL  |c CIR  |d 2018-08-05  |e Trim Education  |g 6900.00  |l 0  |o 379.158 BER  |p 3010033662  |r 2018-08-05  |t 1  |v 6900.00  |w 2018-08-05  |y 1HOUR